LEADER 01273nam a22003255i 4500 001 991002238219707536 007 cr nn 008mamaa 008 121227s1992 de | s |||| 0|eng d 020 $a9783540472674 035 $ab14142703-39ule_inst 040 $aBibl. Dip.le Aggr. Matematica e Fisica - Sez. Matematica$beng 082 04$a516.35$223 084 $aAMS 14-06 245 00$aCoding theory and algebraic geometry$h[e-book] :$bproceedings of the international workshop held in Luminy, France, june 17-21, 1991 /$cedited by Henning Stichtenoth, Michael A. Tsfasman 260 $aBerlin :$bSpringer,$c1992 300 $a1 online resource (viii, 232 p.) 440 0$aLecture Notes in Mathematics,$x0075-8434 ;$v1518 650 0$aMathematics 650 0$aChemistry$xMathematics 650 0$aGeometry, algebraic 650 0$aNumber theory 700 1 $aStichtenoth, Henning 700 1 $aTsfasman, Michael A. 773 0 $aSpringer eBooks 856 40$uhttp://dx.doi.org/10.1007/BFb0087986$zAn electronic book accessible through the World Wide Web 907 $a.b14142703$b03-03-22$c05-09-13 912 $a991002238219707536 996 $aCoding theory and algebraic geometry$9262348 997 $aUNISALENTO 998 $ale013$b05-09-13$cm$d@ $e-$feng$gde $h0$i0 LEADER 01459nas 2200421-a 450 001 9910229812703321 005 20240413023544.0 035 $a(CKB)110978979783721 035 $a(CONSER)---91649797- 035 $a(EXLCZ)99110978979783721 100 $a19910204a19909999 --- a 101 0 $aeng 181 $ctxt$2rdacontent 182 $cc$2rdamedia 183 $acr$2rdacarrier 200 00$aInsurance law review 210 $aNew York, N.Y. $cClark Boardman$dc1990- 215 $a1 online resource 300 $aReprints of selected articles covering "... subjects within the scope of the casualty-tort limitation." 311 08$aPrint version: Insurance law review. 1058-0190 (DLC) 91649797 (OCoLC)23056587 531 0 $aInsur. law rev. 606 $aCasualty insurance$xLaw and legislation$zUnited States 606 $aLiability insurance$zUnited States 606 $aCasualty insurance$xLaw and legislation$2fast$3(OCoLC)fst01715791 606 $aLiability insurance$2fast$3(OCoLC)fst01715856 607 $aUnited States$2fast 615 0$aCasualty insurance$xLaw and legislation 615 0$aLiability insurance 615 7$aCasualty insurance$xLaw and legislation. 615 7$aLiability insurance. 676 $a346.73/0865 676 $a347.306865 676 $a346 906 $aJOURNAL 912 $a9910229812703321 920 $aexl_impl conversion 996 $aInsurance law review$92029419 997 $aUNINA LEADER 02324oas 2200877 a 450 001 9910142662803321 005 20251106213014.0 011 $a1572-9974 035 $a(DE-599)ZDB1477445-8 035 $a(DE-599)1477445-8 035 $a(OCoLC)38266554 035 $a(CONSER) 2004233267 035 $a(CKB)954927382296 035 $a(EXLCZ)99954927382296 100 $a19980126a19889999 sy 101 0 $aeng 135 $aurmnu|||||||| 181 $ctxt$2rdacontent 182 $cc$2rdamedia 183 $acr$2rdacarrier 200 10$aComputational economics 210 $a[Dordrecht] $cKluwer Academic Publishers 210 3 $a[Dordrecht] $cSpringer Netherlands 300 $aRefereed/Peer-reviewed 311 08$a0927-7099 606 $aEconomics$xData processing$vPeriodicals 606 $aManagement$xData processing$vPeriodicals 606 $aE?conomie politique$xInformatique$vPe?riodiques 606 $aGestion$xInformatique$vPe?riodiques 606 $aEconomics$xData processing$2fast$3(OCoLC)fst00902130 606 $aManagement$xData processing$2fast$3(OCoLC)fst01007162 606 $aEconomia$2thub 606 $aProcessament de dades$2thub 608 $aPeriodicals.$2fast 608 $aPeriodicals.$2lcgft 608 $aRevistes electròniques.$2thub 615 0$aEconomics$xData processing 615 0$aManagement$xData processing 615 6$aE?conomie politique$xInformatique 615 6$aGestion$xInformatique 615 7$aEconomics$xData processing. 615 7$aManagement$xData processing. 615 7$aEconomia. 615 7$aProcessament de dades. 676 $a658 801 0$bF#A 801 1$bF#A 801 2$bOCL 801 2$bOCLCQ 801 2$bMUQ 801 2$bOCLCQ 801 2$bGUA 801 2$bOCLCQ 801 2$bIUL 801 2$bCAI 801 2$bOH1 801 2$bOCLCQ 801 2$bMYG 801 2$bOCLCQ 801 2$bOCLCO 801 2$bOCLCQ 801 2$bOCLCF 801 2$bOCLCO 801 2$bOCLCQ 801 2$bVT2 801 2$bDLC 801 2$bUBY 801 2$bOCLCQ 801 2$bIOY 801 2$bYWS 801 2$bOCLCL 801 2$bOCLCQ 906 $aJOURNAL 912 $a9910142662803321 996 $aComputational economics$92275597 997 $aUNINA